¿Quién era el famoso debajo de la máscara en Mask Singer España (T4)? - Estadísticas

Estadísticas generales
  • Esta prueba ha sido intentada 33 veces
  • La puntuación promedio es 12 de 17
Estadísticas de respuestas
Hint Respuesta % Correcto
Mosca Abraham Mateo
92%
Palomitas Ana García Obregón
76%
Corazón (ella) Ana Boyer
72%
Helado Ana Peleteiro
72%
Churros Antonio Lobato
72%
Troll Bárbara Rey
72%
Aguacate José Luis Rodríguez "El Puma"
72%
Patita de goma Manuela Carmena
72%
Cobra Adriana Ugarte
68%
Tiburón Manuel Díaz "El Cordobés"
68%
Oveja María José Campanario
68%
Panda Carl Lewis
64%
Hipopótamo David Hasselhoff
64%
Corazón (él) Fernando Verdasco
64%
Piña Glòria Serra
60%
Brócoli Miguel Ángel Revilla
60%
Rinoceronte Esther Cañadas
52%
No se encontraron pruebas coincidentes
Distribución de puntuación
Porcentaje de gente con cada puntuación
Porcentaje por número respondido
Historial de tus puntuaciones
No has intentado esta prueba.